<?xml version="1.0" encoding="UTF-8"?>
<marc:record xmlns:marc="http://www.loc.gov/MARC21/slim">
   <marc:leader>00000nam a2200000 a 4500</marc:leader>
   <marc:datafield ind1="1" ind2=" " tag="100">
      <marc:subfield code="a">Marmon, Uticha</marc:subfield>
      <marc:subfield code="4">aut</marc:subfield>
      <marc:subfield code="e">Verfasser/-in</marc:subfield>
   </marc:datafield>
   <marc:datafield ind1="0" ind2="0" tag="245">
      <marc:subfield code="a">Die vier Sommersprossen</marc:subfield>
   </marc:datafield>
   <marc:datafield ind1="0" ind2="0" tag="245">
      <marc:subfield code="c">Uticha Marmon. Ill. von Ute Krause</marc:subfield>
   </marc:datafield>
   <marc:datafield ind1=" " ind2="1" tag="264">
      <marc:subfield code="a">Köln</marc:subfield>
      <marc:subfield code="b">Schneiderbuch Egmont</marc:subfield>
      <marc:subfield code="c">2014</marc:subfield>
   </marc:datafield>
   <marc:datafield ind1="1" ind2=" " tag="520">
      <marc:subfield code="a">Angaben aus der Verlagsmeldung

Die vier Sommersprossen, Band 03 : Ein Schaf namens Ursula / von Uticha Marmon

Mali und Samira sind entzückt, denn bei den Schafen auf dem Deich gibt es Nachwuchs! Aber eines der Lämmchen kann nicht von seiner Mama versorgt werden. Da muss Hilfe her. Aktion Nummer eins: Namensfindung. Die Kleine heißt Ursula, ganz klar (und wenn Luk sich auf den Kopf stellt)! Nächster Schritt: eine Ersatzmama zum Kuscheln. Na ja, vielleicht eher ein Ersatz(Hunde)bruder. Läuft doch wie geritzt… bis nachts ein Fuchs um den Stall schleicht!
</marc:subfield>
   </marc:datafield>
   <marc:datafield ind1=" " ind2=" " tag="020">
      <marc:subfield code="a">9783505133176</marc:subfield>
      <marc:subfield code="9">9783505133176</marc:subfield>
   </marc:datafield>
   <marc:datafield ind1=" " ind2=" " tag="020">
      <marc:subfield code="a">3505133175</marc:subfield>
      <marc:subfield code="9">3505133175</marc:subfield>
   </marc:datafield>
   <marc:datafield ind1=" " ind2=" " tag="041">
      <marc:subfield code="a">ger</marc:subfield>
   </marc:datafield>
   <marc:datafield ind1=" " ind2=" " tag="300">
      <marc:subfield code="a">152 S.</marc:subfield>
   </marc:datafield>
</marc:record>
